| 000 | 00456nam a22001697a 4500 | ||
|---|---|---|---|
| 005 | 20260311181007.0 | ||
| 008 | 260311b |||||||| |||| 00| 0 eng d | ||
| 020 | _a978-93-7169-585-5 | ||
| 041 | _aeng | ||
| 082 | _a572 ROY-P | ||
| 100 |
_aROY, SARAT CHANDRA _98905 |
||
| 245 | _aPRINCIPLES AND METHODS PHYSICAL ANTHROPOLOGY | ||
| 260 |
_aNEW DELHI _bGYAN PUBLISHING HOUSE |
||
| 300 | _a181;P | ||
| 650 |
_aBHARTIYA GYAN PARAMPARA _98906 |
||
| 942 | _cBK | ||
| 999 |
_c9096 _d9094 |
||